Energy futures, human values and lifestyles

Bibliographic Details
Main Author: Carlson, Richard C.
Other Authors: Harman, Willis W., Schwartz, Peter
Format: Book
Published: Boulder, Colorado : Westview Press , c1982
Subjects:

MARC

LEADER 00000cam a2200000 7i4500
001 0000000441
005 20021120.0
020 |a 865312699 
040 |a INS 
090 0 0 |a HD9502.A2   |b C38 1982 
100 1 |a Carlson, Richard C. 
245 1 0 |a Energy futures, human values and lifestyles   |c Richard C. Carlson, Willis W. Harman(et. al) 
260 |a Boulder, Colorado :   |b Westview Press ,   |c c1982 
300 |a 191p. :   |b charts ;   |c 24 cm. 
500 |a Includes index 
650 0 0 |a Energy policy 
650 0 0 |a Energy policy   |z United States 
700 1 |a Harman, Willis W. 
700 1 |a Schwartz, Peter 
999 |a 0000002194   |b BOOK   |c Open Shelf   |e Default branch